[Event "ICS rated blitz match"]
[Site "204.178.125.65"]
[Date "2000.08.07"]
[Round "?"]
[White "Hossa"]
[Black "PostModernist"]
[Result "1/2-1/2"]
[WhiteElo "2498"]
[BlackElo "2561"]
[PlyCount "162"]
[EventDate "2000.??.??"]

1. e4 e6 2. d4 d5 3. Nc3 Bb4 4. e5 Ne7 5. Nge2 c5 6. a3 Bxc3+ 7. Nxc3 cxd4 8.
Qxd4 Nbc6 9. Qg4 Ng6 10. f4 Bd7 11. Bd3 Qb6 12. g3 Nce7 13. a4 O-O 14. Bd2 d4
15. Nb5 a6 16. Nd6 Bxa4 17. b3 Bb5 18. Nxb5 axb5 19. O-O Nd5 20. Rfe1 Ra6 21.
h4 Qc5 22. h5 Nge7 23. h6 g6 24. Rxa6 bxa6 25. Ra1 Ra8 26. Qf3 Nf5 27. g4 Nfe3
28. b4 Qf8 29. g5 Rc8 30. Rxa6 Nxc2 31. Bxb5 Ncxb4 32. Rd6 Rb8 33. Ba4 Qc8 34.
Bb3 Qc5 35. Rd7 Qb5 36. Rd6 d3 37. Qe4 Qc5+ 38. Kg2 Kf8 39. Bc4 Ra8 40. Rd7 Ra4
41. Bxd5 exd5 42. Bxb4 Rxb4 43. Qxd3 Rxf4 44. Qd2 Qc4 45. Qe3 Qe4+ 46. Qxe4
dxe4 47. e6 fxe6 48. Rxh7 Rg4+ 49. Kf2 Rxg5 50. Ke3 Rg4 51. Rc7 Kg8 52. Rg7+
Kh8 53. Kd4 g5 54. Ke3 Rh4 55. Rxg5 Kh7 56. Re5 Rxh6 57. Rxe4 Kg7 58. Rg4+ Kf6
59. Rf4+ Kg5 60. Re4 Rh3+ 61. Ke2 Kf5 62. Rd4 e5 63. Rd5 Kf4 64. Ke1 e4 65. Rc5
Kf3 66. Re5 Rh4 67. Rf5+ Ke3 68. Kf1 Rf4+ 69. Rxf4 Kxf4 70. Kf2 e3+ 71. Ke2 Ke4
72. Ke1 Ke5 73. Kf1 Kf5 74. Ke2 Kf4 75. Ke1 Kg4 76. Ke2 Kf4 77. Ke1 Ke4 78. Ke2
Kd4 79. Ke1 Kd3 80. Kd1 e2+ 81. Ke1 Ke3 {Hossa stalemated} 1/2-1/2

[Event "ICS rated blitz match"]
[Site "204.178.125.65"]
[Date "2000.08.07"]
[Round "?"]
[White "PostModernist"]
[Black "Hossa"]
[Result "1-0"]
[WhiteElo "2558"]
[BlackElo "2501"]
[PlyCount "105"]
[EventDate "2000.??.??"]

1. d4 Nf6 2. c4 e6 3. Nf3 Bb4+ 4. Bd2 Qe7 5. g3 Nc6 6. Bg2 Bxd2+ 7. Nbxd2 d6 8.
O-O O-O 9. e4 e5 10. d5 Nb4 11. a3 Na6 12. Re1 Bg4 13. b4 Qd7 14. Nb3 b6 15. b5
Nc5 16. Nxc5 bxc5 17. Qd3 Rfe8 18. a4 Bh3 19. Bxh3 Qxh3 20. a5 Ng4 21. Qf1 Qh5
22. Nh4 Rf8 23. Qg2 Qg5 24. Nf5 g6 25. Nh4 f5 26. exf5 gxf5 27. Ra2 f4 28. h3
f3 29. Nxf3 Qf6 30. Ra3 Nh6 31. Nh4 Kh8 32. a6 Rae8 33. Rae3 Nf5 34. Nxf5 Qxf5
35. f4 Re7 36. Kh2 Rf6 37. Re4 Rg6 38. g4 Qf8 39. fxe5 dxe5 40. Rxe5 Rxe5 41.
Rxe5 Qf4+ 42. Qg3 Qd2+ 43. Kh1 Qc1+ 44. Re1 Qxc4 45. Re8+ Kg7 46. Qe5+ Kh6 47.
Qe3+ Kg7 48. Qe7+ Kh6 49. Qf8+ Kg5 50. Re5+ Kh4 51. Qf2+ Kxh3 52. Qf3+ Kh4 53.
Rh5# {Hossa checkmated} 1-0

[Event "ICS rated standard match"]
[Site "204.178.125.65"]
[Date "2000.08.07"]
[Round "?"]
[White "dori"]
[Black "Hossa"]
[Result "0-1"]
[WhiteElo "2051"]
[BlackElo "2356"]
[PlyCount "43"]
[EventDate "2000.??.??"]

1. d4 Nf6 2. c4 g6 3. Nc3 d5 4. cxd5 Nxd5 5. g3 Bg7 6. Bg2 Nxc3 7. bxc3 c5 8.
Nf3 cxd4 9. cxd4 Nc6 10. e3 O-O 11. O-O Bg4 12. Ba3 Rc8 13. h3 Bf5 14. Qb3 Qd7
15. Kh2 Rc7 16. Rac1 Be6 17. Qb2 Rfc8 18. Ng5 Bd5 19. Bxd5 Qxd5 20. Rc5 Qd8 21.
Nf3 Nxd4 22. Rxc7 {dori resigns} 0-1

[Event "ICS rated blitz match"]
[Site "204.178.125.65"]
[Date "2000.08.07"]
[Round "?"]
[White "Hossa"]
[Black "inmichess"]
[Result "1-0"]
[WhiteElo "2488"]
[BlackElo "2423"]
[PlyCount "63"]
[EventDate "2000.??.??"]

1. e4 e5 2. Nf3 Nc6 3. Bc4 Bc5 4. c3 Nf6 5. b4 Bb6 6. d3 d6 7. a4 a5 8. b5 Na7
9. O-O O-O 10. Be3 Bxe3 11. fxe3 c6 12. bxc6 bxc6 13. Nbd2 Rb8 14. Rb1 Rxb1 15.
Qxb1 d5 16. Ba2 dxe4 17. Nxe5 exd3 18. Ne4 Qe7 19. Nxf7 Nxe4 20. Ng5+ Kh8 21.
Rxf8+ Qxf8 22. Nxe4 Qa3 23. Bc4 Qxa4 24. Qxd3 Qa1+ 25. Kf2 Qb2+ 26. Kf3 Bg4+
27. Kxg4 Qxg2+ 28. Ng3 h5+ 29. Kg5 Qf3 30. Qd8+ Qf8 31. Qxf8+ Kh7 32. Qg8# 1-0

[Event "ICS rated standard match"]
[Site "204.178.125.65"]
[Date "2000.08.08"]
[Round "?"]
[White "inmichess"]
[Black "Hossa"]
[Result "1-0"]
[WhiteElo "2280"]
[BlackElo "2385"]
[PlyCount "182"]
[EventDate "2000.??.??"]

1. e4 c5 2. g3 g6 3. Nc3 Bg7 4. Bc4 d6 5. Nge2 Nf6 6. O-O h5 7. d4 cxd4 8. Nxd4
Bh3 9. Re1 h4 10. Bb5+ Nbd7 11. Bg5 hxg3 12. hxg3 Rh5 13. Qd2 Ng4 14. Nf3 a6
15. Ba4 Bh8 16. Nd5 f6 17. Nf4 b5 18. Nxh5 gxh5 19. Qd5 Nde5 20. Nxe5 Nxe5 21.
Bxb5+ axb5 22. Bf4 Rb8 23. Bxe5 fxe5 24. a4 bxa4 25. Rxa4 Kf8 26. Rea1 Bf6 27.
Ra8 Kg7 28. b3 Rc8 29. R8a2 h4 30. Qd3 Qg8 31. Kh2 Be6 32. g4 Bg5 33. f3 Rf8
34. Ra3 Qf7 35. b4 Bc4 36. Qd1 Be3 37. Kh1 Bb6 38. Qd2 Qf6 39. Kg2 Bd4 40. Rh1
Bb2 41. Re3 Rh8 42. c3 Qf4 43. Rh3 Kf7 44. Kf2 Ba3 45. Qd1 Qg5 46. Qe1 Bb2 47.
Kg2 Qf4 48. Qd2 Be6 49. Qe1 Ba3 50. Re2 Bc4 51. Rc2 Bb3 52. Rd2 Ke8 53. Kg1 Bc4
54. Rd1 Kd7 55. Kg2 Rg8 56. Ra1 Ra8 57. Rxh4 Ra6 58. Rh3 Ke6 59. Kf2 Bb2 60.
Rxa6 Bxa6 61. Rh1 Bb5 62. Qd1 Bc4 63. Qc2 Ba3 64. Kg2 d5 65. Qf2 Kf7 66. Qe1 d4
67. Rh7+ Ke6 68. Qf2 Bc1 69. cxd4 exd4 70. Qxd4 Qd2+ 71. Qxd2 Bxd2 72. Rh1 Bxb4
73. f4 Kd6 74. g5 Kc6 75. Rc1 Kb5 76. Rxc4 Kxc4 77. g6 Bc3 78. e5 Kc5 79. g7
Kd5 80. g8=Q+ e6 81. Qg3 Ba1 82. Qd3+ Kc6 83. Qa6+ Kc7 84. Qxa1 Kd7 85. f5 Kc6
86. fxe6 Kc5 87. e7 Kd5 88. e8=Q Ke4 89. Qc6+ Kf4 90. Qf6+ Ke3 91. Qf3+ Kd2 {
Hossa resigns} 1-0

[Event "ICS rated standard match"]
[Site "204.178.125.65"]
[Date "2000.08.08"]
[Round "?"]
[White "Hossa"]
[Black "inmichess"]
[Result "1-0"]
[WhiteElo "2366"]
[BlackElo "2307"]
[PlyCount "109"]
[EventDate "2000.??.??"]

1. e4 e5 2. Nf3 Nc6 3. Bc4 Nf6 4. Ng5 Bc5 5. Nxf7 Bxf2+ 6. Kf1 Qe7 7. Nxh8 Bc5
8. d3 Qf8 9. Nf7 b5 10. Bb3 Nd4 11. Ng5 Nxb3 12. axb3 Nxe4+ 13. Qf3 Qxf3+ 14.
Nxf3 Nf2 15. Rg1 Ng4 16. Nc3 Bb7 17. Nxb5 O-O-O 18. d4 exd4 19. Nxa7+ Kb8 20.
h3 Be4 21. hxg4 Bxa7 22. Bf4 d6 23. Rh1 Bxc2 24. Kf2 Bb6 25. Kg3 h6 26. g5 hxg5
27. Bxg5 Re8 28. Rh4 Be4 29. Rg4 g6 30. Rh4 d3 31. Nd2 Bd5 32. Kh3 Be3 33. Bxe3
Rxe3+ 34. Nf3 Bxf3 35. gxf3 Rxf3+ 36. Kg4 Rf2 37. Rd1 Rxb2 38. Rxd3 Rg2+ 39.
Rg3 Rxg3+ 40. Kxg3 Kb7 41. Rg4 Kb6 42. Rxg6 Kc5 43. Kf4 Kd5 44. Kf5 Kc6 45. Ke6
Kb5 46. Kd7 Kb6 47. Rg5 c6 48. Kxd6 Kb7 49. Rc5 Kb6 50. b4 Kb7 51. Rxc6 Kb8 52.
b5 Kb7 53. Ra6 Kc8 54. Rb6 Kd8 55. Rb8# 1-0

[Event "ICS rated standard match"]
[Site "204.178.125.65"]
[Date "2000.08.08"]
[Round "?"]
[White "cwalter"]
[Black "Hossa"]
[Result "1-0"]
[WhiteElo "2269"]
[BlackElo "2391"]
[PlyCount "51"]
[EventDate "2000.??.??"]

1. e4 e6 2. Nf3 b6 3. d4 Bb7 4. Bd3 c5 5. c3 cxd4 6. cxd4 d5 7. e5 Bb4+ 8. Bd2
Bxd2+ 9. Nbxd2 Ne7 10. O-O Nbc6 11. Rc1 O-O 12. Bxh7+ Kxh7 13. Ng5+ Kg6 14. Qg4
f5 15. exf6 Kxf6 16. Qxe6+ Kxg5 17. f4+ Kh5 18. g4+ Kh4 19. Nf3+ Kh3 20. Rc3
Nf5 21. gxf5 Qe8 22. Ne5+ Kh4 23. Ng6+ Kg4 24. Rg3+ Kh5 25. Rg5+ Kh6 26. Rf3 {
Hossa resigns} 1-0

[Event "ICS rated blitz match"]
[Site "204.178.125.65"]
[Date "2000.08.08"]
[Round "?"]
[White "inmichess"]
[Black "Hossa"]
[Result "1-0"]
[WhiteElo "2419"]
[BlackElo "2501"]
[PlyCount "61"]
[EventDate "2000.??.??"]

1. e4 e6 2. d4 d5 3. e5 c5 4. c3 Nc6 5. Nf3 Rb8 6. Be3 cxd4 7. cxd4 Qb6 8. Qd2
Nge7 9. Nh4 g5 10. Bxg5 Nxd4 11. Nc3 Rg8 12. Be3 Nec6 13. Bb5 Bc5 14. b4 Nxb5
15. Bxc5 Qc7 16. f4 Nxc3 17. Qxc3 Qd8 18. Qh3 b6 19. Bd6 Ra8 20. Nf3 Ba6 21.
Qxh7 Rxg2 22. a4 Bc4 23. b5 Na5 24. Rg1 Rxg1+ 25. Nxg1 f6 26. f5 d4 27. Qh5+
Kd7 28. Qf7+ Kc8 29. Rc1 a6 30. fxe6 axb5 31. e7 {Hossa resigns} 1-0

[Event "ICS rated blitz match"]
[Site "204.178.125.65"]
[Date "2000.08.08"]
[Round "?"]
[White "Hossa"]
[Black "inmichess"]
[Result "1-0"]
[WhiteElo "2481"]
[BlackElo "2439"]
[PlyCount "53"]
[EventDate "2000.??.??"]

1. e4 e5 2. Nf3 Nc6 3. Nc3 Nf6 4. Nxe5 Nxe5 5. d4 Ng6 6. e5 Ng8 7. Bc4 d6 8.
Qf3 Qd7 9. O-O dxe5 10. dxe5 Nxe5 11. Re1 f6 12. Rxe5+ fxe5 13. Qh5+ Kd8 14.
Bxg8 Qf5 15. Bg5+ Be7 16. Bxe7+ Kxe7 17. Qh4+ Ke8 18. Nd5 Qd7 19. Re1 Qd6 20.
Qh5+ Kd7 21. Qf7+ Kc6 22. Qe8+ Qd7 23. Qxe5 b5 24. Qc3+ Kb7 25. Re7 Qxe7 26.
Nxe7 a6 27. Qxg7 {inmichess resigns} 1-0

[Event "ICS rated standard match"]
[Site "204.178.125.65"]
[Date "2000.08.08"]
[Round "?"]
[White "greekgift"]
[Black "Hossa"]
[Result "0-1"]
[WhiteElo "1967"]
[BlackElo "2370"]
[PlyCount "36"]
[EventDate "2000.??.??"]

1. e4 e6 2. d4 d5 3. exd5 exd5 4. Nf3 Bg4 5. c4 dxc4 6. Bxc4 Bb4+ 7. Nc3 Qe7+
8. Be3 Nf6 9. O-O O-O 10. h3 Bh5 11. g4 Bg6 12. Ne5 Nc6 13. f4 Rae8 14. Nd5
Nxd5 15. Bxd5 Nxe5 16. dxe5 c6 17. Bf3 Rd8 18. Qb3 Rd3 {greekgift resigns} 0-1

[Event "ICS rated standard match"]
[Site "204.178.125.65"]
[Date "2000.08.08"]
[Round "?"]
[White "Hossa"]
[Black "greekgift"]
[Result "1-0"]
[WhiteElo "2373"]
[BlackElo "1964"]
[PlyCount "27"]
[EventDate "2000.??.??"]

1. e4 c5 2. g3 d5 3. exd5 Qxd5 4. Nf3 Bg4 5. Be2 Nc6 6. Nc3 Qd7 7. d3 g6 8. Be3
b6 9. h3 Bxf3 10. Bxf3 O-O-O 11. Bg2 Bg7 12. Qf3 Nb4 13. Qa8+ Kc7 14. Qxa7+ {
greekgift resigns} 1-0

[Event "ICS rated standard match"]
[Site "204.178.125.65"]
[Date "2000.08.08"]
[Round "?"]
[White "BrazilianMaster"]
[Black "Hossa"]
[Result "1-0"]
[WhiteElo "2549"]
[BlackElo "2376"]
[PlyCount "133"]
[EventDate "2000.??.??"]

1. e4 e6 2. d4 d5 3. exd5 exd5 4. Nf3 Bg4 5. Be2 Nf6 6. Ne5 Be6 7. Qd3 Qc8 8.
O-O Bd6 9. Nc3 O-O 10. Bg5 Ne4 11. Nxe4 dxe4 12. Qxe4 Bf5 13. Qe3 f6 14. Qb3+
Kh8 15. Bf3 fxe5 16. Bxb7 Bxc2 17. Bxc8 Bxb3 18. Bb7 Bd5 19. Bxd5 c6 20. dxe5
Bxe5 21. Bf3 Bxb2 22. Rab1 Bf6 23. Bxf6 gxf6 24. Rb7 Re8 25. Rfb1 Kg8 26. Kf1
a5 27. Rc7 Na6 28. Rxc6 Nb4 29. Rxf6 Ra7 30. Rf5 h6 31. a3 Nc2 32. Rc5 Nd4 33.
Bg4 Rf8 34. h3 Rd8 35. a4 Kg7 36. Rb6 Re8 37. g3 Rd8 38. Rh5 Rh8 39. f4 Rc7 40.
Rxa5 Re8 41. Rb2 Rc1+ 42. Kf2 Re7 43. Rd5 Nc2 44. Rc5 Ne1 45. Rxc1 Nd3+ 46. Kf3
Nxb2 47. a5 Ra7 48. Rc5 Na4 49. Rd5 Ra6 50. Ke3 Nc3 51. Rc5 Na4 52. Rf5 Rd6 53.
Bh5 Nb2 54. Ke4 Rd7 55. a6 Nc4 56. Rc5 Nd2+ 57. Ke5 Ra7 58. Rc6 Kh7 59. f5 Rd7
60. Rc8 Ra7 61. f6 Rxa6 62. f7 Ra5+ 63. Ke6 Rxh5 64. f8=Q Re5+ 65. Kxe5 Nf3+
66. Kf6 Nd4 67. Qg7# {Hossa checkmated} 1-0

[Event "ICS rated standard match"]
[Site "204.178.125.65"]
[Date "2000.08.08"]
[Round "?"]
[White "Hossa"]
[Black "greekgift"]
[Result "1-0"]
[WhiteElo "2367"]
[BlackElo "1961"]
[PlyCount "67"]
[EventDate "2000.??.??"]

1. e4 c5 2. g3 d5 3. exd5 Qxd5 4. Nf3 Bg4 5. Be2 a6 6. Nc3 Qc6 7. h3 Bf5 8. g4
Be4 9. Nxe4 Qxe4 10. d3 Qd5 11. c4 Qc6 12. d4 cxd4 13. O-O f6 14. Nxd4 Qd7 15.
Bf3 e5 16. Nf5 Qxd1 17. Rxd1 Nc6 18. c5 g6 19. Nd6+ Bxd6 20. cxd6 Kd7 21. Be3
g5 22. Rac1 Nh6 23. Be4 Rad8 24. Kg2 Nf7 25. Bf5+ Ke8 26. d7+ Kf8 27. Bc5+ Kg7
28. Bb6 Ra8 29. Be4 Nfd8 30. Rd6 h5 31. gxh5 Rxh5 32. Bxc6 bxc6 33. Bxd8 Rxd8
34. Rcxc6 {greekgift resigns} 1-0

[Event "ICS rated standard match"]
[Site "204.178.125.65"]
[Date "2000.08.08"]
[Round "?"]
[White "greekgift"]
[Black "Hossa"]
[Result "0-1"]
[WhiteElo "1958"]
[BlackElo "2370"]
[PlyCount "44"]
[EventDate "2000.??.??"]

1. e4 d5 2. exd5 Qxd5 3. Nc3 Qe6+ 4. Be2 Qg6 5. Nf3 Qxg2 6. Rg1 Qh3 7. d4 Bd7
8. Bf4 c6 9. Ne5 Bc8 10. Bc4 e6 11. Qe2 Nd7 12. O-O-O Ngf6 13. Rge1 Nb6 14. Bb3
Nh5 15. Bg3 Nxg3 16. fxg3 Be7 17. Ne4 O-O 18. Kb1 Nd7 19. Rd3 Nxe5 20. dxe5 b6
21. g4 Qh4 22. Qg2 Qxe1+ {greekgift resigns} 0-1

[Event "ICS rated standard match"]
[Site "204.178.125.65"]
[Date "2000.08.08"]
[Round "?"]
[White "Hossa"]
[Black "greekgift"]
[Result "1-0"]
[WhiteElo "2373"]
[BlackElo "1955"]
[PlyCount "23"]
[EventDate "2000.??.??"]

1. e4 d6 2. d4 Nf6 3. Nc3 g6 4. Nf3 Bg7 5. h3 O-O 6. Be3 e5 7. dxe5 dxe5 8.
Qxd8 Rxd8 9. Bg5 Nc6 10. Nd5 Rd6 11. Bxf6 Bxf6 12. Nxc7 {greekgift resigns} 1-0

[Event "ICS rated standard match"]
[Site "204.178.125.65"]
[Date "2000.08.08"]
[Round "?"]
[White "JoseCapaAnton"]
[Black "Hossa"]
[Result "0-1"]
[WhiteElo "1903"]
[BlackElo "2376"]
[PlyCount "39"]
[EventDate "2000.??.??"]

1. e4 c6 2. d4 d5 3. e5 e6 4. f4 c5 5. dxc5 Bxc5 6. Nf3 Qb6 7. Bd3 Nc6 8. a3
Bf2+ 9. Kf1 Nh6 10. Nc3 a6 11. h3 Bg3 12. Qe2 Ne7 13. Na4 Qa5 14. Nc3 Nhf5 15.
Bd2 Bd7 16. Be1 Bxf4 17. Ne4 dxe4 18. Bxa5 Ng3+ 19. Kf2 Nxe2 20. Bxe2 0-1

[Event "ICS rated standard match"]
[Site "204.178.125.65"]
[Date "2000.08.08"]
[Round "?"]
[White "Hossa"]
[Black "JoseCapaAnton"]
[Result "1-0"]
[WhiteElo "2378"]
[BlackElo "1901"]
[PlyCount "43"]
[EventDate "2000.??.??"]

1. e4 c5 2. g3 g6 3. Nc3 Nc6 4. Nf3 d6 5. Bg2 Bg7 6. O-O Nf6 7. Re1 O-O 8. e5
dxe5 9. Nxe5 Nxe5 10. Rxe5 Qc7 11. Qe2 Be6 12. Nb5 Qb6 13. a4 Rac8 14. a5 Qa6
15. c4 b6 16. Rxe6 fxe6 17. Qxe6+ Kh8 18. f4 Rcd8 19. Ra4 Qc8 20. Qxc8 Rxc8 21.
Nxa7 b5 22. cxb5 1-0

[Event "ICS rated standard match"]
[Site "204.178.125.65"]
[Date "2000.08.08"]
[Round "?"]
[White "Interceptor"]
[Black "Hossa"]
[Result "1-0"]
[WhiteElo "2499"]
[BlackElo "2380"]
[PlyCount "83"]
[EventDate "2000.??.??"]

1. e4 c6 2. d4 d5 3. Nc3 dxe4 4. Nxe4 Nf6 5. Nxf6+ gxf6 6. c3 Be6 7. Bd3 Bd5 8.
Nf3 Qd7 9. O-O Rg8 10. Bf4 Qg4 11. Bg3 Bxf3 12. gxf3 Qh3 13. Qb3 b6 14. Qc2 e6
15. Rfe1 Kd8 16. Bxh7 Rg7 17. Bd3 f5 18. Qd2 Be7 19. Qf4 Ke8 20. d5 Rg6 21.
dxe6 fxe6 22. Qc7 Nd7 23. Qxc6 Rd8 24. Rxe6 Rxe6 25. Qxe6 Nf6 26. Bc4 Qh7 27.
Bc7 Qg6+ 28. Kf1 Rd7 29. Be5 Rd2 30. Re1 Kd8 31. Bd4 Qh7 32. Ba6 Nd7 33. Qc6
Ke8 34. Qc8+ Kf7 35. Qxd7 Qh3+ 36. Kg1 Kg6 37. Re6+ Kg5 38. Be3+ f4 39. Qxe7+
Kh5 40. Qe8+ Kg5 41. Qg6+ Kh4 42. Qh6# {Hossa checkmated} 1-0

[Event "ICS rated standard match"]
[Site "204.178.125.65"]
[Date "2000.08.08"]
[Round "?"]
[White "Hossa"]
[Black "tramontana"]
[Result "1-0"]
[WhiteElo "2369"]
[BlackElo "2085"]
[PlyCount "38"]
[EventDate "2000.??.??"]

1. e4 d6 2. d4 Nf6 3. Nc3 e5 4. dxe5 dxe5 5. Qxd8+ Kxd8 6. Nf3 Bd6 7. Bg5 Nbd7
8. O-O-O Ke8 9. Nb5 Ke7 10. Nd2 h6 11. Bh4 g5 12. Bg3 a6 13. Nxd6 cxd6 14. f3
b5 15. Nb3 Bb7 16. Na5 Rab8 17. Bd3 Rhc8 18. c3 b4 19. Nxb7 Rxb7 {
tramontana resigns} 1-0

[Event "ICS rated standard match"]
[Site "204.178.125.65"]
[Date "2000.08.08"]
[Round "?"]
[White "BrazilianMaster"]
[Black "Hossa"]
[Result "1-0"]
[WhiteElo "2580"]
[BlackElo "2374"]
[PlyCount "87"]
[EventDate "2000.??.??"]

1. e4 c6 2. c4 e5 3. Nf3 d6 4. d4 Nd7 5. Nc3 Be7 6. Be3 Ngf6 7. Be2 O-O 8. O-O
Ng4 9. Bd2 Kh8 10. d5 f5 11. exf5 Nc5 12. b4 Na6 13. dxc6 bxc6 14. Qa4 Nb8 15.
Bd3 Bxf5 16. Bxf5 Rxf5 17. b5 Rf8 18. b6 a5 19. c5 Nf6 20. cxd6 Bxd6 21. Rab1
Ra6 22. Ne4 Nxe4 23. Qxe4 Qf6 24. Be3 a4 25. Ng5 Qf5 26. Qxf5 Rxf5 27. g4 Rf8
28. Rfd1 Be7 29. Ne6 Rf7 30. Bc5 Kg8 31. Bxe7 Rxe7 32. Rd8+ Kf7 33. Ng5+ Kg6
34. h4 Rd7 35. Rxb8 Rd4 36. f3 Rd6 37. b7 c5 38. Ra8 h5 39. b8=Q hxg4 40. fxg4
Rd1+ 41. Rxd1 Re6 42. Rd6 Rf6 43. Qe8+ Kh6 44. Qh5# {Hossa checkmated} 1-0

[Event "ICS rated standard match"]
[Site "204.178.125.65"]
[Date "2000.08.08"]
[Round "?"]
[White "Hossa"]
[Black "BrazilianMaster"]
[Result "0-1"]
[WhiteElo "2367"]
[BlackElo "2588"]
[PlyCount "108"]
[EventDate "2000.??.??"]

1. e4 Nf6 2. Nc3 e5 3. f4 d5 4. exd5 Nxd5 5. Nxd5 Qxd5 6. fxe5 Qe4+ 7. Be2 Qxg2
8. Bf3 Qg6 9. d4 Be7 10. Ne2 Bh4+ 11. Kd2 c5 12. Rg1 Qa6 13. Ke3 cxd4+ 14. Qxd4
Be7 15. Qe4 Nd7 16. Kf2 Nc5 17. Qd5 Be6 18. Qd4 Rd8 19. Qf4 g5 20. Rxg5 Bxg5
21. Qxg5 Qa4 22. Qf6 Rg8 23. Bg5 Rd7 24. b3 Ne4+ 25. Bxe4 Qxe4 26. c3 h6 27.
Qf4 Qc6 28. Rg1 Rxg5 29. Rxg5 hxg5 30. Qxg5 Rd3 31. Qg8+ Kd7 32. Qg2 Qxg2+ 33.
Kxg2 Rd2 34. Kf3 Rxa2 35. Nd4 Rxh2 36. c4 Rh3+ 37. Ke4 a5 38. Kf4 Kc7 39. c5
Bxb3 40. Ke4 a4 41. Kf4 Bd1 42. e6 fxe6 43. Ke5 Kd7 44. Nb5 Kc6 45. Nd4+ Kxc5
46. Nxe6+ Kc4 47. Nd8 a3 48. Nxb7 a2 49. Nd6+ Kb4 50. Kd4 a1=Q+ 51. Ke4 Qf6 52.
Nf5 Bc2+ 53. Kd5 Rc3 54. Nd4 Rc5# {Hossa checkmated} 0-1

[Event "ICS rated blitz match"]
[Site "204.178.125.65"]
[Date "2000.08.08"]
[Round "?"]
[White "Hossa"]
[Black "MissSilicon"]
[Result "0-1"]
[WhiteElo "2495"]
[BlackElo "2712"]
[PlyCount "118"]
[EventDate "2000.??.??"]

1. d4 f5 2. Nc3 Nf6 3. Bg5 b6 4. d5 Ba6 5. Nf3 g6 6. Qd2 Bg7 7. Bh6 Bxh6 8.
Qxh6 e6 9. dxe6 dxe6 10. Ne5 Nfd7 11. O-O-O Qf6 12. Nf3 Nc6 13. e3 Bxf1 14.
Rhxf1 O-O-O 15. Kb1 Nde5 16. Nxe5 Nxe5 17. Qf4 g5 18. Qa4 a5 19. f4 Ng4 20. Qc6
Kb8 21. Nb5 Qe7 22. Rxd8+ Rxd8 23. Re1 Nxe3 24. fxg5 e5 25. g6 hxg6 26. c4 f4
27. Rc1 Qc5 28. Qxg6 Nxc4 29. Nc3 Rd2 30. Qg8+ Kb7 31. Nd1 Rxb2+ 32. Ka1 Rd2
33. Qxc4 Qxc4 34. Rxc4 Rxd1+ 35. Kb2 c5 36. Rc2 Rh1 37. h3 e4 38. Rc3 Rg1 39.
Rc2 f3 40. gxf3 exf3 41. Rd2 Rg2 42. Kc3 Rxd2 43. Kxd2 c4 44. h4 c3+ 45. Kxc3
f2 46. Kd4 f1=Q 47. h5 Qf2+ 48. Ke4 Qe2+ 49. Kd4 Qxa2 50. Kc3 a4 51. h6 Qh2 52.
Kd4 a3 53. Kd5 Qg2+ 54. Kc4 Qe2+ 55. Kd4 a2 56. Kc3 a1=Q+ 57. Kb3 Qe3+ 58. Kc4
Qed4+ 59. Kb3 Qdc3# {Hossa checkmated} 0-1

[Event "ICS rated blitz match"]
[Site "204.178.125.65"]
[Date "2000.08.08"]
[Round "?"]
[White "MissSilicon"]
[Black "Hossa"]
[Result "0-1"]
[WhiteElo "2719"]
[BlackElo "2488"]
[PlyCount "122"]
[EventDate "2000.??.??"]

1. e4 Nf6 2. Bc4 e5 3. d3 Nc6 4. Nf3 Be7 5. Be3 d5 6. Bxd5 Nxd5 7. exd5 Qxd5 8.
Nc3 Bb4 9. O-O Bxc3 10. bxc3 Bg4 11. c4 Qd6 12. h3 Bh5 13. c5 Qd5 14. c4 Qd8
15. Rb1 Rb8 16. Re1 O-O 17. Bc1 f6 18. Bb2 Qe7 19. d4 Rfd8 20. Qb3 Bxf3 21.
Qxf3 Nxd4 22. Bxd4 Rxd4 23. Rxb7 Rxb7 24. Qxb7 Qxc5 25. Qb5 Qxb5 26. cxb5 Rb4
27. a4 Rxa4 28. Rc1 h5 29. Rxc7 Kh7 30. Kf1 Ra5 31. Rb7 Kh6 32. Ke2 h4 33. Kd3
Ra2 34. Ke3 Ra3+ 35. Ke4 Kg6 36. Re7 Ra5 37. Rb7 a6 38. b6 Ra2 39. Ra7 Rb2 40.
b7 Rb5 41. f4 exf4 42. Kxf4 Rb4+ 43. Ke3 a5 44. Kd3 f5 45. Ra6+ Kg5 46. Ra7 Kf4
47. Kc3 Kg3 48. b8=R Rxb8 49. Rxg7+ Kf2 50. Rg5 a4 51. Rxf5+ Kxg2 52. Ra5 Rb3+
53. Kc4 Rxh3 54. Rxa4 Rf3 55. Ra2+ Kg3 56. Kd5 h3 57. Ke4 Rf1 58. Ra3+ Kg2 59.
Ra2+ Kg1 60. Kd5 h2 61. Rxh2 Rd1+ {MissSilicon resigns} 0-1

[Event "ICS rated blitz match"]
[Site "204.178.125.65"]
[Date "2000.08.08"]
[Round "?"]
[White "Hossa"]
[Black "Dorky"]
[Result "1-0"]
[WhiteElo "2513"]
[BlackElo "2376"]
[PlyCount "29"]
[EventDate "2000.??.??"]

1. d4 Nf6 2. c4 c5 3. d5 b5 4. cxb5 a6 5. b6 Qxb6 6. Nc3 e5 7. Nf3 Bd6 8. Nd2
O-O 9. Nc4 Qc7 10. Bg5 h6 11. Bxf6 Re8 12. Bh4 e4 13. Nxd6 Qxd6 14. e3 Qg6 15.
d6 {Dorky resigns} 1-0

[Event "ICS rated blitz match"]
[Site "204.178.125.65"]
[Date "2000.08.08"]
[Round "?"]
[White "Dorky"]
[Black "Hossa"]
[Result "0-1"]
[WhiteElo "2366"]
[BlackElo "2523"]
[PlyCount "110"]
[EventDate "2000.??.??"]

1. d4 Nf6 2. c4 g6 3. Nc3 d5 4. Nf3 Bg7 5. cxd5 Nxd5 6. e4 Nxc3 7. bxc3 c5 8.
Be3 Qa5 9. Qd2 Nc6 10. Bc4 cxd4 11. Nxd4 O-O 12. O-O Rd8 13. Rad1 Ne5 14. Bb3
Ng4 15. Bg5 h6 16. Be3 Qh5 17. h3 Nxe3 18. Qxe3 Qa5 19. f4 Bd7 20. f5 g5 21.
Ne6 fxe6 22. Rxd7 Rxd7 23. Bxe6+ Kh8 24. Bxd7 Qxc3 25. Qxc3 Bxc3 26. Rc1 Be5
27. Bc8 Rb8 28. Kf2 h5 29. Ke2 Bf4 30. Rc2 Kg7 31. Kd3 g4 32. a4 g3 33. Kd4 b5
34. axb5 Rxb5 35. Bd7 Be5+ 36. Kc4 Rb1 37. Kd5 Bf6 38. e5 Rd1+ 39. Ke6 Bxe5 40.
Kxe5 Rxd7 41. h4 a5 42. Rc3 Kf7 43. Rxg3 Rb7 44. Rg5 Rb5+ 45. Kf4 Rb4+ 46. Kg3
Rg4+ 47. Rxg4 hxg4 48. h5 a4 49. Kxg4 e6 50. fxe6+ Kxe6 51. h6 Kf6 52. Kf4 Kg6
53. Ke4 a3 54. g4 a2 55. Kd5 Kxh6 {Dorky resigns} 0-1

[Event "ICS rated blitz match"]
[Site "204.178.125.65"]
[Date "2000.08.08"]
[Round "?"]
[White "Hossa"]
[Black "Dorky"]
[Result "1-0"]
[WhiteElo "2532"]
[BlackElo "2357"]
[PlyCount "97"]
[EventDate "2000.??.??"]

1. d4 Nf6 2. c4 d6 3. Nc3 e5 4. Nf3 Nbd7 5. e4 g6 6. dxe5 dxe5 7. Be2 Bg7 8.
O-O O-O 9. Qc2 c6 10. Rd1 Qe7 11. Bg5 h6 12. Bh4 Rd8 13. Rd2 b6 14. Rad1 Bb7
15. Rd6 a6 16. Qd2 Qf8 17. Bxf6 Bxf6 18. Rxd7 Rab8 19. Nxe5 Qe8 20. Ng4 Bg5 21.
Nxh6+ Kg7 22. Qxg5 Rxd7 23. Rxd7 Qxd7 24. Nxf7 Rg8 25. Qxg6+ Kxg6 26. Ne5+ Kg7
27. Nxd7 b5 28. e5 Re8 29. f4 Bc8 30. Nf6 Rd8 31. Nce4 Be6 32. Nd6 Bxc4 33.
Bxc4 bxc4 34. f5 c3 35. bxc3 Rb8 36. a4 Rb1+ 37. Kf2 Ra1 38. Nfe4 Kf8 39. f6
Kg8 40. e6 Rxa4 41. e7 Ra2+ 42. Kf3 Kh7 43. f7 Ra1 44. f8=R Rf1+ 45. Kg3 Rxf8
46. exf8=Q c5 47. Qf7+ Kh8 48. Nf6 a5 49. Qh7# {Dorky checkmated} 1-0

[Event "ICS rated blitz match"]
[Site "204.178.125.65"]
[Date "2000.08.08"]
[Round "?"]
[White "Dorky"]
[Black "Hossa"]
[Result "0-1"]
[WhiteElo "2347"]
[BlackElo "2541"]
[PlyCount "82"]
[EventDate "2000.??.??"]

1. e4 Nf6 2. e5 Nd5 3. d4 d6 4. Nf3 Bg4 5. exd6 exd6 6. Be2 Be7 7. O-O O-O 8.
h3 Bf5 9. Re1 Re8 10. Na3 Nd7 11. Bd3 Bxd3 12. Qxd3 c6 13. Bd2 b5 14. Re2 Qc7
15. c4 bxc4 16. Nxc4 N7b6 17. Rae1 Nxc4 18. Qxc4 Qd7 19. b4 Rab8 20. a3 Nb6 21.
Qc1 Bf8 22. Rxe8 Rxe8 23. Rxe8 Qxe8 24. h4 Be7 25. Qc2 Nd5 26. Qc4 Nc7 27. a4
Qd7 28. h5 h6 29. Kh2 Ne8 30. Qe2 Nf6 31. Kg1 Nxh5 32. Nh2 Nf6 33. Nf3 Nd5 34.
b5 cxb5 35. Qxb5 Qxb5 36. axb5 Nc7 37. Kf1 Nxb5 38. Ke2 g5 39. g4 f5 40. gxf5
d5 41. Kd3 Nd6 {Dorky resigns} 0-1